000 00629nam a2200241 a 4500
001 BRCA_6101
005 20190320205332.0
008 220611s1820----fr-#######---#000-1#fre-#
041 _afre
044 _afr
050 4 _aPQ2167
_b.L78
_c1820
245 1 0 _aLouis Lambert
_bLes proscrits. Adieu. Le requisitionnaire. El verdugo
_cHonore de Balzac
260 _aParĂ­s
_bCalmann-Levy
_c1820
300 _a289 p.
_c18 cm.
500 _aI25
650 1 4 _aLiteratura francesa
_915423
740 0 _aLes proscrits
740 0 _aAdieu
740 0 _aLe requisitionnaire
740 0 _aEl verdugo
902 _aGFM
942 _2lcc
_cB
999 _c5788
_d5788